00807cam a22002171 4500001001300000003000400013005001700017008004100034010002200075025001900097043001200116050001900128082001500147245012900162260009800291300005500389650003100444650004000475710005700515999001700572sa 68002975 DLC20260227112448.0710903s1967 ii a 00000 eng  asa 68002975 //r86 aPL480:I-E-9176 aa-ii---0 aHD9506.I42bI5 a338.2/095400aIndian minerals.c[Prepared by the Mineral Economics Division, Indian Bureau of Mines, Ministry of Mines and Metals, Nagpur]0 aNew Delhi,bDirectorate of Commercial Publicity, Ministry of Commerce, Govt. of Indiac[1967] ai, 64 p. (p. 51-64 advertisements)billus.c24 cm. 0aMineral industrieszIndia. 0aMines and mineral resourceszIndia.20aIndian Bureau of Mines.bMineral Economics Division. c79134d79134